000 00285nmm a2200097Ia 4500
008 220120s9999||||xx |||||||||||||||||und||
020 _a978-0-07-060092-8
100 _aVTU Jnana Sangama
245 0 _aVTU 1st year CBCS scheme 3DM E-content student module
260 _aVTU press
_bNew Delhi
999 _c140002
_d140002